| 000 | 00655nam a2200241Ia 4500 | ||
|---|---|---|---|
| 001 | dia_7177 | ||
| 003 | CHAP | ||
| 008 | 220117s1970 xx 000 0 und d | ||
| 010 | _a178180 | ||
| 040 | _cCHAP | ||
| 090 | _aF 518 1970 | ||
| 110 |
_aU.S. Department of Agriculture _9161735 |
||
| 245 | _aUnited States standards for grades of canned clingstone peaches | ||
| 250 | _a4a ed. | ||
| 260 |
_aEstados Unidos de América : _b Department of Agriculture, _c1970 |
||
| 300 | _a16 p. | ||
| 901 | _aF 518 1970 | ||
| 902 | _aM | ||
| 905 | _a0000001970 -us 0000000000eng00 | ||
| 942 | _c12 | ||
| 942 | _c12 | ||
| 999 |
_c178180 _d178180 |
||